000 00654nam a2200205 i 4500
001 20366
003 ES-MaACL
005 20230906152303.0
007 t|
008 021112s1976 sp b |||| | spa d
100 1 _aAguilar Piñal, Francisco.
_918744
245 1 0 _aBibliografía fundamental de la literatura española
_b: Siglo XVIII /
_cFrancisco Aguilar Piñal.
260 _aMadrid :
_bSociedad General Española de Librería,
_c[1976]
300 _a304 p. ;
_c19 cm.
490 1 _aTemas
650 4 _aLiteratura española-
_yS.XVIII-
_vBibliografías.
_9165123
830 0 _aTemas
_9182419
852 _aES-MaACL
_jL-7168
999 _c20366
_d20366